"Carmen" - All Lyrics (Lana Del Rey) (Excluding French Lyrics) - Statistics

General Stats
  • This quiz has been taken 10 times
  • The average score is 259 of 315
Answer Stats
Lyrics % Correct
a
100%
all
100%
boys,
100%
Carmen
100%
Carmen,
100%
girl
100%
girls,
100%
like
100%
Like
100%
the
100%
The
100%
they
100%
alarmin',
90%
an
90%
and
90%
And
90%
be
90%
but
90%
butterflies,
90%
can
90%
cause
90%
charming
90%
doesn't
90%
don't
90%
Don't
90%
everyone,
90%
eyes
90%
fun
90%
fun,
90%
get
90%
gives
90%
go
90%
God,
90%
have
90%
having
90%
her
90%
herself
90%
honestly,
90%
how
90%
I'm
90%
It's
90%
Lyin'
90%
Lyin',
90%
lyin'"
90%
problem
90%
says,
90%
she
90%
She
90%
shelf
90%
she's
90%
tellin'
90%
them
90%
this
90%
to
90%
top
90%
wanna
90%
way,
90%
"You
90%
you
90%
cartoon
80%
Darlin',
80%
darlin'
80%
darlin',
80%
disarmin'
80%
dyin',
80%
dyin'"
80%
Fooling
80%
for
80%
free
80%
gettin'
80%
high
80%
I've
80%
laughs
80%
liquor's
80%
me
80%
me,
80%
mean
80%
mind's
80%
on
80%
on,
80%
so
80%
Street
80%
streets
80%
tirin',
80%
tirin'"
80%
up
80%
walk
80%
walks
80%
woah,
80%
your
80%
at
70%
bats
70%
cherry
70%
Coney
70%
cream,
70%
doin'
70%
dress
70%
em
70%
favors
70%
ice
70%
Island
70%
know
70%
lightning,
70%
lightning
70%
lipstick
70%
little
70%
now
70%
of
70%
oh,
70%
Only
70%
party
70%
Put
70%
put
70%
queen
70%
red
70%
see
70%
seen
70%
seventeen
70%
shinin'
70%
Sing
70%
song,
70%
still
70%
story
70%
That's
70%
things
70%
with
70%
you're
70%
Audiotune
60%
Baby's
60%
by
60%
diamond
60%
dressed
60%
dumb
60%
Eatin'
60%
Famous
60%
kindness
60%
lies,
60%
morning
60%
night
60%
nowhere
60%
Relyin'
60%
smilin',
60%
soft
60%
stayin'
60%
strangers
60%
til
60%
truly,
60%
again
50%
age
50%
alive
50%
camera's
50%
day
50%
early
50%
knots,
50%
Tyin'
50%
star
40%
White
40%
Lookin'
20%
No matching quizzes found
Score Distribution
Percent of People with Each Score
Percentile by Number Answered
Your Score History
You have not taken this quiz